[Event "Olimpiada de Khanty-Mansiysk 2010"]
[Site "Khanty-Mansiysk RUS"]
[Date "2010.09.29"]
[Round "8"]
[White "Macias Murillo, Bryan"]
[Black "Haznedaroglu, Kivanc"]
[Result "0-1"]
[WhiteElo "2377"]
[BlackElo "2483"]
[PlyCount "106"]
[EventDate "2010.09.21"]
[EventType "team"]
[EventRounds "11"]
[EventCountry "RUS"]
[Source "lmi"]
[SourceDate "2010.09.21"]
[WhiteTeam "Ecuador"]
[BlackTeam "Turquía"]
[WhiteTeamCountry "ECU"]
[BlackTeamCountry "TUR"]

1. d4 d5 2. c4 c6 3. Nf3 Nf6 4. e3 Bf5 5. Nc3 e6 6. Be2 Nbd7 7. Nh4 Be4 8. f3
Bg6 9. Qb3 Qc7 10. Bd2 Be7 11. Nxg6 hxg6 12. f4 dxc4 13. Qxc4 a6 14. Bf3 Rd8
15. a4 Qb8 16. a5 Nd5 17. Ne2 g5 18. g3 gxf4 19. exf4 N7f6 20. O-O Qa7 21. Rfc1
g6 22. Be1 Bf8 23. Bf2 Bg7 24. Ra3 O-O 25. Rb3 Ne8 26. Qc5 Qa8 27. Nc3 Nec7 28.
Rd1 Rfe8 29. Ne4 Nb5 30. Ng5 Rd7 31. Be4 Qd8 32. Qc2 Ne7 33. Kg2 Nf5 34. d5
cxd5 35. Bxf5 exf5 36. Bb6 Qc8 37. Qd3 d4 38. Rb4 Re3 39. Rc4 Qe8 40. Qf1 Bf6
41. Nf3 Qe4 42. Rd2 Kg7 43. Qf2 Re7 44. Rc5 Re8 45. Rc4 Rh8 46. h3 Rxh3 47.
Rcxd4 Nxd4 48. Bxd4 Rxf3 49. Bxf6+ Kxf6 50. Qb6+ Kg7 51. Kxh3 Qxf4 52. Qd4+
Qxd4 53. Rxd4 Rb3 0-1

[Event "Olimpiada de Khanty-Mansiysk 2010"]
[Site "Khanty-Mansiysk RUS"]
[Date "2010.09.29"]
[Round "8"]
[White "Yilmaz, Mustafa"]
[Black "Santos Flores, Alberto"]
[Result "1-0"]
[WhiteElo "2482"]
[BlackElo "2356"]
[PlyCount "55"]
[EventDate "2010.09.21"]
[EventType "team"]
[EventRounds "11"]
[EventCountry "RUS"]
[Source "lmi"]
[SourceDate "2010.09.21"]
[WhiteTeam "Turquía"]
[BlackTeam "Ecuador"]
[WhiteTeamCountry "TUR"]
[BlackTeamCountry "ECU"]

1. e4 e6 2. d4 d5 3. e5 c5 4. c3 Qb6 5. Nf3 Nc6 6. a3 a5 7. Bd3 Bd7 8. O-O a4
9. Bc2 h5 10. Ra2 Nh6 11. Bg5 Nf5 12. Bxf5 exf5 13. c4 Qb3 14. Nc3 Qxc4 15. Nd2
Qa6 16. Nxd5 Rc8 17. dxc5 Bxc5 18. b4 Be7 19. Nf3 Be6 20. Rd2 Bxd5 21. Rxd5 Qc4
22. b5 Rd8 23. Rxd8+ Nxd8 24. Bxe7 Kxe7 25. Qd6+ Ke8 26. Rd1 Qc8 27. Nh4 g6 28.
Nxg6 1-0

[Event "Olimpiada de Khanty-Mansiysk 2010"]
[Site "Khanty-Mansiysk RUS"]
[Date "2010.09.29"]
[Round "8"]
[White "Guerra Tulcan, Lenin"]
[Black "Erdogdu, Mert"]
[Result "0-1"]
[WhiteElo "2352"]
[BlackElo "2428"]
[PlyCount "96"]
[EventDate "2010.09.21"]
[EventType "team"]
[EventRounds "11"]
[EventCountry "RUS"]
[Source "lmi"]
[SourceDate "2010.09.21"]
[WhiteTeam "Ecuador"]
[BlackTeam "Turquía"]
[WhiteTeamCountry "ECU"]
[BlackTeamCountry "TUR"]

1. e4 c5 2. Nf3 d6 3. d4 cxd4 4. Nxd4 Nf6 5. Nc3 a6 6. Be2 e6 7. O-O Be7 8. a4
Nc6 9. Nb3 b6 10. f4 Qc7 11. Bf3 Bb7 12. Be3 O-O 13. g4 Rfe8 14. g5 Nd7 15. Bg2
Bf8 16. h4 Na5 17. Nxa5 bxa5 18. h5 Rab8 19. g6 Nf6 20. gxh7+ Kh8 21. h6 Ba8
22. Bd4 e5 23. Be3 Rxb2 24. fxe5 dxe5 25. Rxf6 Qxc3 26. Rf3 Bxe4 27. Rg3 Bg6
28. Qd7 Qc8 29. Qd5 Qxc2 30. Qxa5 Kxh7 31. hxg7 Kxg7 32. Rf1 Rb1 33. Qxa6 Rxf1+
34. Bxf1 Bc5 35. Qb5 Bxe3+ 36. Rxe3 Qd2 37. Rg3 Qd4+ 38. Kg2 Qe4+ 39. Kf2 Rd8
40. Be2 Rd2 41. a5 Ra2 42. a6 Qd4+ 43. Kg2 Rb2 44. Rb3 Qe4+ 45. Kf2 Qf4+ 46.
Ke1 Ra2 47. Rf3 Qd4 48. Bd1 Qd2+ 0-1

[Event "Olimpiada de Khanty-Mansiysk 2010"]
[Site "Khanty-Mansiysk RUS"]
[Date "2010.09.29"]
[Round "8"]
[White "Abu Sufian, Shakil"]
[Black "Jones, Richard S"]
[Result "1/2-1/2"]
[WhiteElo "2361"]
[BlackElo "2373"]
[PlyCount "65"]
[EventDate "2010.09.21"]
[EventType "team"]
[EventRounds "11"]
[EventCountry "RUS"]
[Source "lmi"]
[SourceDate "2010.09.21"]
[WhiteTeam "Bangladesh"]
[BlackTeam "Gales"]
[WhiteTeamCountry "BAN"]
[BlackTeamCountry "WLS"]

1. e4 c5 2. Nf3 d6 3. d4 cxd4 4. Nxd4 Nf6 5. Nc3 a6 6. Bg5 e6 7. f4 Nbd7 8. Qf3
Qc7 9. O-O-O b5 10. Bd3 Bb7 11. Rhe1 Qb6 12. Nd5 Qxd4 13. Bxf6 gxf6 14. Bxb5
Qc5 15. Nxf6+ Kd8 16. Nxd7 Qxb5 17. Nxf8 Rxf8 18. Qa3 Ke8 19. Qxd6 Qc6 20. Qd4
Qc7 21. Re3 Rd8 22. Qa4+ Bc6 23. Qxa6 Rxd1+ 24. Kxd1 f6 25. Rc3 Kd7 26. Rd3+
Ke7 27. Qc4 Rd8 28. Qc5+ Kf7 29. Qh5+ Kg7 30. Qg4+ Kf7 31. Qh5+ Kg7 32. Qg4+
Kf7 33. Qh5+ 1/2-1/2

[Event "Olimpiada de Khanty-Mansiysk 2010"]
[Site "Khanty-Mansiysk RUS"]
[Date "2010.09.29"]
[Round "8"]
[White "Chatterjee, Debaraj"]
[Black "Bennett, Alan"]
[Result "1-0"]
[WhiteElo "2288"]
[BlackElo "2154"]
[PlyCount "93"]
[EventDate "2010.09.21"]
[EventType "team"]
[EventRounds "11"]
[EventCountry "RUS"]
[Source "lmi"]
[SourceDate "2010.09.21"]
[WhiteTeam "Bangladesh"]
[BlackTeam "Gales"]
[WhiteTeamCountry "BAN"]
[BlackTeamCountry "WLS"]

1. d4 d5 2. c4 dxc4 3. Nf3 a6 4. e3 Bg4 5. Bxc4 e6 6. Nc3 Nf6 7. O-O Nc6 8. Be2
Bd6 9. h3 Bh5 10. b3 O-O 11. Bb2 Qe7 12. Rc1 Nd5 13. Na4 f5 14. Nc5 Nd8 15. Nd3
Nf7 16. Nfe5 Bxe2 17. Qxe2 Qh4 18. f4 Nf6 19. Qf2 Qxf2+ 20. Rxf2 Ne4 21. Rfc2
Rfd8 22. Nc4 c6 23. Ba3 Bxa3 24. Nxa3 Nfd6 25. Nc4 Kf8 26. Nb6 Rab8 27. Ne5 Ke7
28. Nbc4 Nf7 29. b4 Nxe5 30. Nxe5 Nf6 31. Kf2 Rbc8 32. a4 Nd7 33. Nd3 Rb8 34.
b5 axb5 35. axb5 cxb5 36. Rc7 Kf6 37. g4 fxg4 38. hxg4 g5 39. Rh1 gxf4 40. exf4
Rbc8 41. Rxb7 Rb8 42. Rc7 Rbc8 43. Rxc8 Rxc8 44. Rxh7 Nf8 45. Rb7 Ng6 46. Kf3
Rc3 47. g5+ 1-0

[Event "Olimpiada de Khanty-Mansiysk 2010"]
[Site "Khanty-Mansiysk RUS"]
[Date "2010.09.29"]
[Round "8"]
[White "Elliott, Warren"]
[Black "Nepali, Badrilal"]
[Result "1/2-1/2"]
[WhiteElo "2254"]
[BlackElo "2135"]
[PlyCount "137"]
[EventDate "2010.09.21"]
[EventType "team"]
[EventRounds "11"]
[EventCountry "RUS"]
[Source "lmi"]
[SourceDate "2010.09.21"]
[WhiteTeam "Jamaica"]
[BlackTeam "Nepal"]
[WhiteTeamCountry "JAM"]
[BlackTeamCountry "NEP"]

1. e4 c5 2. Nf3 d6 3. d4 cxd4 4. Nxd4 Nf6 5. Nc3 a6 6. Bg5 e6 7. f4 Nbd7 8. Qe2
Qc7 9. O-O-O Be7 10. g4 b5 11. a3 Bb7 12. Bg2 Rc8 13. Bh4 Nb6 14. g5 Nfd7 15.
f5 e5 16. Ne6 fxe6 17. Qh5+ Kd8 18. Qf7 exf5 19. Qxg7 Re8 20. exf5 Bxg2 21. f6
Qc4 22. fxe7+ Kc7 23. Rhg1 Bh3 24. Bg3 Bf5 25. Qh6 Bg6 26. h4 Qe6 27. h5 Bf5
28. Qxe6 Bxe6 29. Ne4 Rxe7 30. Nxd6 Rd8 31. g6 Nd5 32. Ne4 Nf4 33. Bh4 Ne2+ 34.
Kb1 Nxg1 35. Bxe7 Re8 36. Bd6+ Kc6 37. Rxg1 hxg6 38. hxg6 Kd5 39. Re1 Bf5 40.
Ng3 Bxg6 41. Bb4 Nc5 42. Rd1+ Kc6 43. Rh1 Ne6 44. Rh6 Nf4 45. Nf5 Re6 46. Ne7+
Kd7 47. Nxg6 Rxg6 48. Rxg6 Nxg6 49. Kc1 Ke6 50. Kd2 Kd5 51. Ke3 Nh4 52. c3 Nf5+
53. Kf3 Ng7 54. b3 Ne6 55. Ke3 Nd8 56. Ba5 Nc6 57. Bb6 a5 58. Kd3 e4+ 59. Ke3
a4 60. bxa4 bxa4 61. c4+ Kxc4 62. Kxe4 Ne7 63. Bc7 Nd5 64. Bd6 Nc3+ 65. Ke3 Nb5
66. Bf8 Kb3 67. Kd3 Nxa3 68. Bxa3 Kxa3 69. Ke4 1/2-1/2

[Event "Olimpiada de Khanty-Mansiysk 2010"]
[Site "Khanty-Mansiysk RUS"]
[Date "2010.09.29"]
[Round "8"]
[White "Shrestha, Bilam Lal"]
[Black "Rowe, Duane"]
[Result "1/2-1/2"]
[WhiteElo "2096"]
[BlackElo "2248"]
[PlyCount "62"]
[EventDate "2010.09.21"]
[EventType "team"]
[EventRounds "11"]
[EventCountry "RUS"]
[Source "lmi"]
[SourceDate "2010.09.21"]
[WhiteTeam "Nepal"]
[BlackTeam "Jamaica"]
[WhiteTeamCountry "NEP"]
[BlackTeamCountry "JAM"]

1. e4 c5 2. c3 e6 3. d4 d5 4. e5 Nc6 5. Nf3 Qb6 6. Be2 Nh6 7. O-O cxd4 8. cxd4
Nf5 9. Nc3 Nfxd4 10. Nxd4 Qxd4 11. Bd3 Bd7 12. Nb5 Qxe5 13. Re1 Qb8 14. Qf3 Bb4
15. Bf4 e5 16. Rxe5+ Nxe5 17. Qg3 f6 18. Rc1 g5 19. Nc7+ Qxc7 20. Rxc7 gxf4 21.
Qg7 Rf8 22. Bxh7 Kd8 23. Rxb7 Rc8 24. h3 Bd6 25. Kh2 f3 26. g3 f5 27. Qg5+ Be7
28. Qe3 Bd6 29. Qg5+ Be7 30. Qe3 Bd6 31. Qg5+ Be7 1/2-1/2

[Event "Olimpiada de Khanty-Mansiysk 2010"]
[Site "Khanty-Mansiysk RUS"]
[Date "2010.09.29"]
[Round "8"]
[White "Matthews, Shane"]
[Black "Shrestha, Keshav"]
[Result "1-0"]
[WhiteElo "2227"]
[BlackElo "2122"]
[PlyCount "105"]
[EventDate "2010.09.21"]
[EventType "team"]
[EventRounds "11"]
[EventCountry "RUS"]
[Source "lmi"]
[SourceDate "2010.09.21"]
[WhiteTeam "Jamaica"]
[BlackTeam "Nepal"]
[WhiteTeamCountry "JAM"]
[BlackTeamCountry "NEP"]

1. e4 e5 2. Nf3 Nc6 3. Bb5 a6 4. Ba4 Nf6 5. O-O Be7 6. Re1 b5 7. Bb3 d6 8. c3
O-O 9. h3 Nb8 10. d4 Nbd7 11. Nbd2 Bb7 12. Bc2 Re8 13. Nf1 Bf8 14. Ng3 g6 15.
a4 Bg7 16. Bd3 c6 17. Be3 Qe7 18. Qd2 Qf8 19. b3 h6 20. c4 bxc4 21. bxc4 c5 22.
d5 Reb8 23. Rab1 Bc8 24. Qa5 Qe7 25. h4 Ne8 26. h5 Ndf6 27. hxg6 fxg6 28. Nh2
Qc7 29. Qd2 Kh7 30. f4 Ng4 31. Nxg4 Bxg4 32. f5 Nf6 33. fxg6+ Kxg6 34. Be2 Bd7
35. a5 Ng4 36. Bxg4 Bxg4 37. Nf5 h5 38. Qf2 Bf6 39. Bd2 Rxb1 40. Rxb1 Rb8 41.
Rf1 Rf8 42. Qe3 Bg7 43. Qg5+ Kh7 44. Rb1 Rf6 45. Rb6 Qf7 46. Rxd6 Bxf5 47. Rxf6
Bxf6 48. Qxf5+ Kg7 49. Bg5 Bxg5 50. Qxg5+ Kf8 51. Qf5 Qxf5 52. exf5 Ke7 53. Kf2
1-0

[Event "Olimpiada de Khanty-Mansiysk 2010"]
[Site "Khanty-Mansiysk RUS"]
[Date "2010.09.29"]
[Round "8"]
[White "Thapa, Uttam Raj"]
[Black "Porter, Russel"]
[Result "1-0"]
[WhiteElo "2029"]
[BlackElo "2163"]
[PlyCount "91"]
[EventDate "2010.09.21"]
[EventType "team"]
[EventRounds "11"]
[EventCountry "RUS"]
[Source "lmi"]
[SourceDate "2010.09.21"]
[WhiteTeam "Nepal"]
[BlackTeam "Jamaica"]
[WhiteTeamCountry "NEP"]
[BlackTeamCountry "JAM"]

1. d4 Nf6 2. Nf3 g6 3. c4 Bg7 4. Nc3 O-O 5. e4 d6 6. Be2 Na6 7. O-O e5 8. d5
Nc5 9. Qc2 a5 10. Be3 b6 11. Nd2 Bg4 12. f3 Bd7 13. b3 Nh5 14. Rfb1 Nf4 15. Bf1
f5 16. a3 fxe4 17. fxe4 Qg5 18. Kh1 Qe7 19. b4 Nb7 20. Nd1 Nh5 21. Nf2 Rf7 22.
Nd3 Raf8 23. c5 Bg4 24. c6 Nd8 25. bxa5 bxa5 26. Nc4 Qh4 27. Kg1 Bc8 28. Nf2
Qe7 29. Nxa5 Nf6 30. Be2 h5 31. Nb7 Bg4 32. a4 Bxe2 33. Qxe2 Nh7 34. a5 g5 35.
a6 g4 36. a7 Ng5 37. Bxg5 Qxg5 38. a8=Q g3 39. Nh3 gxh2+ 40. Kxh2 Qh4 41. Rf1
Bh6 42. Rxf7 Nxf7 43. Qa3 Kh7 44. g3 Qg4 45. Qxg4 hxg4 46. Nf2 1-0

[Event "Olimpiada de Khanty-Mansiysk 2010"]
[Site "Khanty-Mansiysk RUS"]
[Date "2010.09.29"]
[Round "8"]
[White "Rosenbeiger, Alan"]
[Black "Khader, Sami"]
[Result "0-1"]
[WhiteElo "2153"]
[BlackElo "2449"]
[PlyCount "64"]
[EventDate "2010.09.21"]
[EventType "team"]
[EventRounds "11"]
[EventCountry "RUS"]
[Source "lmi"]
[SourceDate "2010.09.21"]
[WhiteTeam "Islas del Canal"]
[BlackTeam "Jordania"]
[WhiteTeamCountry "JCI"]
[BlackTeamCountry "JOR"]

1. d4 Nf6 2. c4 g6 3. Nc3 Bg7 4. e4 d6 5. Be2 O-O 6. Nf3 e5 7. O-O Nc6 8. d5
Ne7 9. a4 a5 10. b3 Nd7 11. Ba3 f5 12. c5 Nxc5 13. Bxc5 dxc5 14. Bc4 Kh8 15.
Ng5 Nxd5 16. Nxd5 Qxg5 17. Nxc7 fxe4 18. h4 Qxh4 19. Nxa8 Bg4 20. Be2 Bf3 21.
Bxf3 exf3 22. Qd7 fxg2 23. Kxg2 Qg5+ 24. Kh2 Rf4 25. Rad1 Rh4+ 26. Qh3 e4 27.
Qxh4 Qxh4+ 28. Kg2 Be5 29. Rfe1 Qh2+ 30. Kf1 Bd4 31. Rxd4 cxd4 32. Nb6 d3 0-1

[Event "Olimpiada de Khanty-Mansiysk 2010"]
[Site "Khanty-Mansiysk RUS"]
[Date "2010.09.29"]
[Round "8"]
[White "Mansour, Sameer"]
[Black "Belzo, Krzysztof"]
[Result "1/2-1/2"]
[WhiteElo "2283"]
[BlackElo "2007"]
[PlyCount "94"]
[EventDate "2010.09.21"]
[EventType "team"]
[EventRounds "11"]
[EventCountry "RUS"]
[Source "lmi"]
[SourceDate "2010.09.21"]
[WhiteTeam "Jordania"]
[BlackTeam "Islas del Canal"]
[WhiteTeamCountry "JOR"]
[BlackTeamCountry "JCI"]

1. e4 c5 2. Nf3 g6 3. d4 Bg7 4. c4 cxd4 5. Nxd4 Nc6 6. Be3 d6 7. Nc3 Nf6 8. Be2
Nxd4 9. Bxd4 O-O 10. Qd2 Bd7 11. O-O Bc6 12. f3 a5 13. b3 Nd7 14. Be3 Nc5 15.
Rab1 Qb6 16. Rfc1 Rfc8 17. Rc2 Qd8 18. Bf1 h5 19. a3 b6 20. b4 axb4 21. axb4
Nd7 22. Bd4 Bxd4+ 23. Qxd4 Ra3 24. f4 Kh7 25. e5 dxe5 26. fxe5 Nf8 27. Qf4 Qe8
28. Qf2 Rb8 29. Nd5 Ne6 30. Re1 b5 31. Nf4 Nxf4 32. Qxf4 bxc4 33. Rxc4 Bd5 34.
Rd4 Be6 35. Rb1 Qc6 36. b5 Qb6 37. Kh1 Rba8 38. h3 Ra1 39. Rdd1 R1a2 40. Qd4
Qb7 41. Kg1 R8a3 42. Rd2 Rxd2 43. Qxd2 Qe4 44. Re1 Qa4 45. Rb1 Qe4 46. Re1 Qa4
47. Rb1 Qe4 1/2-1/2

[Event "Olimpiada de Khanty-Mansiysk 2010"]
[Site "Khanty-Mansiysk RUS"]
[Date "2010.09.29"]
[Round "8"]
[White "Kahn, Tito"]
[Black "Samhouri, Bilal"]
[Result "0-1"]
[WhiteElo "2181"]
[BlackElo "2269"]
[PlyCount "144"]
[EventDate "2010.09.21"]
[EventType "team"]
[EventRounds "11"]
[EventCountry "RUS"]
[Source "lmi"]
[SourceDate "2010.09.21"]
[WhiteTeam "Islas del Canal"]
[BlackTeam "Jordania"]
[WhiteTeamCountry "JCI"]
[BlackTeamCountry "JOR"]

1. c4 e6 2. g3 d5 3. Bg2 Nf6 4. d4 c5 5. Nf3 Nc6 6. O-O Be7 7. dxc5 Bxc5 8. Bg5
Be7 9. cxd5 exd5 10. Nc3 Be6 11. Nd4 h6 12. Nxc6 bxc6 13. Bxf6 Bxf6 14. Qa4 Bd7
15. Rfd1 O-O 16. Rac1 Re8 17. Qc2 Rb8 18. Na4 Qe7 19. e3 Rec8 20. b3 Bg4 21.
Rd2 Be5 22. Nc5 Bd6 23. Rd4 Bh5 24. Rd2 Bg6 25. Nd3 Bb4 26. Rdd1 Ba3 27. Ra1
Qf6 28. Qe2 Re8 29. Qf3 Qc3 30. Bf1 Be4 31. Qg4 c5 32. Nf4 Bb2 33. Rab1 Bxb1
34. Rxb1 Rbd8 35. Bd3 c4 36. Bf5 cxb3 37. axb3 Ba3 38. Bd3 Qe5 39. h4 Bf8 40.
Rc1 Rb8 41. Rc6 Rb6 42. Rxb6 axb6 43. Qd7 Ra8 44. Qxd5 Qxd5 45. Nxd5 Ra3 46.
Bc4 Bc5 47. Nf4 Ra5 48. Nd3 Bd6 49. e4 Kf8 50. f4 b5 51. Bd5 Ra2 52. e5 Rd2 53.
Be4 Be7 54. Kf1 Rc2 55. Bd5 Rd2 56. Be4 Rc2 57. Bd5 Bc5 58. Ke1 Be3 59. Kf1 h5
60. Ke1 Bg1 61. Kf1 Bh2 62. f5 Bxg3 63. e6 fxe6 64. fxe6 Bxh4 65. Nb4 Rc5 66.
Bf3 Ke7 67. Nd5+ Kxe6 68. Nf4+ Kf7 69. Bxh5+ Rxh5 70. Nxh5 g5 71. Kg2 Kg6 72.
Ng3 Bxg3 0-1

[Event "Olimpiada de Khanty-Mansiysk 2010"]
[Site "Khanty-Mansiysk RUS"]
[Date "2010.09.29"]
[Round "8"]
[White "Malkawi, Fadi"]
[Black "Mazurkiewicz, Marcin"]
[Result "0-1"]
[WhiteElo "2080"]
[BlackElo "2000"]
[PlyCount "88"]
[EventDate "2010.09.21"]
[EventType "team"]
[EventRounds "11"]
[EventCountry "RUS"]
[Source "lmi"]
[SourceDate "2010.09.21"]
[WhiteTeam "Jordania"]
[BlackTeam "Islas del Canal"]
[WhiteTeamCountry "JOR"]
[BlackTeamCountry "JCI"]

1. e4 c5 2. Nf3 Nc6 3. d4 cxd4 4. Nxd4 e5 5. Nb5 a6 6. Nd6+ Bxd6 7. Qxd6 Qf6 8.
Qd1 Qg6 9. Nc3 Nf6 10. f3 d5 11. Nxd5 Nxd5 12. Qxd5 Be6 13. Qc5 Nd4 14. Be3 Rc8
15. Bxd4 Rxc5 16. Bxc5 f6 17. O-O-O Kf7 18. Rd6 Rc8 19. b4 Rc7 20. Rd8 Qg5+ 21.
Kb2 g6 22. g4 f5 23. gxf5 Qxd8 24. fxe6+ Kxe6 25. Bc4+ Kf6 26. Bb6 Qd6 27. Bxc7
Qxc7 28. Kb3 Qd7 29. h4 Qd2 30. h5 Qg2 31. Rf1 gxh5 32. f4 Qg3+ 33. c3 exf4 34.
Rd1 f3 35. Rd5 h4 36. Rf5+ Kg6 37. Bf7+ Kg7 38. e5 Qg4 39. Be6 Qe4 40. a4 Kg6
41. Rf6+ Kg5 42. Bc4 h3 43. Rd6 Qb1+ 44. Ka3 h2 0-1

[Event "Olimpiada de Khanty-Mansiysk 2010"]
[Site "Khanty-Mansiysk RUS"]
[Date "2010.09.29"]
[Round "8"]
[White "Denny, Kevin"]
[Black "Kojima, Shinya"]
[Result "1-0"]
[WhiteElo "2316"]
[BlackElo "2334"]
[PlyCount "131"]
[EventDate "2010.09.21"]
[EventType "team"]
[EventRounds "11"]
[EventCountry "RUS"]
[Source "lmi"]
[SourceDate "2010.09.21"]
[WhiteTeam "Barbados"]
[BlackTeam "Japón"]
[WhiteTeamCountry "BAR"]
[BlackTeamCountry "JPN"]

1. e4 c6 2. d4 d5 3. exd5 cxd5 4. c4 Nf6 5. Nc3 g6 6. Qb3 Bg7 7. cxd5 O-O 8.
Be2 Na6 9. Bf3 Qb6 10. Qxb6 axb6 11. Nge2 Nb4 12. O-O Rd8 13. d6 exd6 14. Bg5
h6 15. Bxf6 Bxf6 16. a3 Nc6 17. Rfd1 Ne7 18. Nd5 Nxd5 19. Bxd5 Bg5 20. Nc3 Ra5
21. b4 Ra7 22. Ne4 Be6 23. Bxe6 fxe6 24. Nxg5 hxg5 25. Rdc1 Rda8 26. Rc3 Ra4
27. Rb3 Kf7 28. h3 Ke7 29. Kh2 Rf8 30. Rc1 Rxf2 31. Rc7+ Kf6 32. Rxb7 Ra6 33.
d5 exd5 34. b5 Ra8 35. Rxb6 Ke5 36. Rg3 Rf5 37. Rc6 d4 38. b6 Rb8 39. Rb3 Kd5
40. Rc7 Ke4 41. Rc1 Rc5 42. Re1+ Kd5 43. Rd1 Ke4 44. Rg3 Rf5 45. Rb1 Kd5 46.
Rg4 Kc5 47. Rc1+ Kxb6 48. Rxd4 Rd8 49. Kg3 Rb5 50. Rc3 Rc5 51. Rb3+ Kc6 52.
Rdb4 Re5 53. a4 d5 54. Rc3+ Kd7 55. a5 Ra8 56. Rb7+ Ke6 57. Rb6+ Kf5 58. Ra3 d4
59. a6 Re6 60. Ra5+ Re5 61. Ra1 d3 62. Rd6 Re3+ 63. Kf2 Re2+ 64. Kf3 Re6 65.
Ra5+ Re5 66. g4# 1-0

[Event "Olimpiada de Khanty-Mansiysk 2010"]
[Site "Khanty-Mansiysk RUS"]
[Date "2010.09.29"]
[Round "8"]
[White "Nanjo, Ryosuke"]
[Black "Farley, Terry"]
[Result "1/2-1/2"]
[WhiteElo "2257"]
[BlackElo "2231"]
[PlyCount "78"]
[EventDate "2010.09.21"]
[EventType "team"]
[EventRounds "11"]
[EventCountry "RUS"]
[Source "lmi"]
[SourceDate "2010.09.21"]
[WhiteTeam "Japón"]
[BlackTeam "Barbados"]
[WhiteTeamCountry "JPN"]
[BlackTeamCountry "BAR"]

1. d4 Nf6 2. c4 g6 3. Nf3 Bg7 4. g3 O-O 5. Bg2 d6 6. O-O Nbd7 7. Nc3 e5 8. e4
c6 9. h3 exd4 10. Nxd4 Nc5 11. Bf4 Re8 12. Re1 Nh5 13. Be3 Nf6 14. Bf4 Nh5 15.
Be3 Nf6 16. Bf4 Ne6 17. Nxe6 Bxe6 18. Bxd6 Bxc4 19. e5 Nd7 20. b3 Nxe5 21. Bxe5
Qxd1 22. Raxd1 Rxe5 23. bxc4 Rxe1+ 24. Rxe1 Bxc3 25. Rb1 b6 26. Bxc6 Rc8 27.
Bd5 Re8 28. Rb3 Re1+ 29. Kg2 Bd4 30. Rf3 Re7 31. Rf4 Bc5 32. Re4 Rd7 33. a4 Kf8
34. f4 a6 35. Re2 Rd8 36. Bb7 a5 37. Bd5 Rd6 38. Kf3 h6 39. g4 Rd7 1/2-1/2

[Event "Olimpiada de Khanty-Mansiysk 2010"]
[Site "Khanty-Mansiysk RUS"]
[Date "2010.09.29"]
[Round "8"]
[White "Warner, Delisle"]
[Black "Nakamura, Ryuji"]
[Result "1-0"]
[WhiteElo "2240"]
[BlackElo "2187"]
[PlyCount "53"]
[EventDate "2010.09.21"]
[EventType "team"]
[EventRounds "11"]
[EventCountry "RUS"]
[Source "lmi"]
[SourceDate "2010.09.21"]
[WhiteTeam "Barbados"]
[BlackTeam "Japón"]
[WhiteTeamCountry "BAR"]
[BlackTeamCountry "JPN"]

1. d4 d5 2. Bf4 Nf6 3. e3 e6 4. Nd2 Be7 5. Bd3 O-O 6. Ngf3 c5 7. c3 Nc6 8. Ne5
Qb6 9. Rb1 Rd8 10. h4 Bd7 11. Qf3 Be8 12. g4 cxd4 13. exd4 Nxe5 14. Bxe5 Nd7
15. Bg3 f6 16. h5 Bf7 17. O-O e5 18. Qe3 e4 19. Nxe4 dxe4 20. Qxe4 Kf8 21. Rbe1
Bd6 22. Qxh7 f5 23. h6 Be5 24. dxe5 Qxh6 25. Qxh6 gxh6 26. Bxf5 Bxa2 27. e6 1-0

[Event "Olimpiada de Khanty-Mansiysk 2010"]
[Site "Khanty-Mansiysk RUS"]
[Date "2010.09.29"]
[Round "8"]
[White "Khetho, Phemelo"]
[Black "Chumfwa, Stanley"]
[Result "0-1"]
[WhiteElo "2266"]
[BlackElo "2315"]
[PlyCount "78"]
[EventDate "2010.09.21"]
[EventType "team"]
[EventRounds "11"]
[EventCountry "RUS"]
[Source "lmi"]
[SourceDate "2010.09.21"]
[WhiteTeam "Botswana"]
[BlackTeam "Zambia"]
[WhiteTeamCountry "BOT"]
[BlackTeamCountry "ZAM"]

1. e4 c5 2. Nf3 d6 3. d4 cxd4 4. Nxd4 Nf6 5. Nc3 a6 6. f4 e6 7. a4 Nc6 8. Be2
Be7 9. O-O O-O 10. Be3 Qc7 11. Kh1 Re8 12. Nb3 b6 13. Bf3 Bb7 14. Qd2 Rad8 15.
Qf2 Nd7 16. Rad1 Nc5 17. g4 Bf8 18. Bg2 Rc8 19. g5 Ne7 20. Qh4 d5 21. a5 Nxe4
22. Bxb6 Nf5 23. Qh3 Qe7 24. Nxe4 dxe4 25. c3 e3 26. Bxb7 Qxb7+ 27. Qf3 Rc6 28.
Kg1 Rxb6 29. axb6 Qxb6 30. Nd4 Qxb2 31. Ne2 Rb8 32. Rd7 a5 33. Ra7 Qd2 34. Ra1
Rb2 35. Kf1 Qc2 36. Rb7 Nh4 37. Qg4 Rxb7 38. Qxh4 a4 39. Qe1 a3 0-1

[Event "Olimpiada de Khanty-Mansiysk 2010"]
[Site "Khanty-Mansiysk RUS"]
[Date "2010.09.29"]
[Round "8"]
[White "Njobvu, Ignatius"]
[Black "Chumfwa, Kelvin"]
[Result "1/2-1/2"]
[WhiteElo "2217"]
[BlackElo "2224"]
[PlyCount "148"]
[EventDate "2010.09.21"]
[EventType "team"]
[EventRounds "11"]
[EventCountry "RUS"]
[Source "lmi"]
[SourceDate "2010.09.21"]
[WhiteTeam "Botswana"]
[BlackTeam "Zambia"]
[WhiteTeamCountry "BOT"]
[BlackTeamCountry "ZAM"]

1. d4 Nf6 2. c4 e6 3. Nf3 b6 4. e3 Bb7 5. Bd3 Be7 6. Nc3 d6 7. O-O O-O 8. Qe2
Nbd7 9. Rd1 c5 10. b3 a6 11. dxc5 Nxc5 12. Bc2 Nfe4 13. Nxe4 Nxe4 14. Bb2 f5
15. Bxe4 fxe4 16. Nd2 Qe8 17. Nf1 Qg6 18. Ng3 e5 19. Rd2 Rf7 20. Rad1 Raf8 21.
Qh5 Qe6 22. Ba3 Rd8 23. h3 Rf6 24. Qe2 Rg6 25. c5 bxc5 26. Bxc5 Bf8 27. Ba3 d5
28. Bxf8 Rxf8 29. Rc1 Rgf6 30. Rc7 Qb6 31. Re7 Re6 32. Rd7 Bc6 33. R7xd5 Bxd5
34. Rxd5 Qb4 35. Qd2 Qxd2 36. Rxd2 Rc6 37. Nxe4 Rfc8 38. Rd5 Rc2 39. Ra5 R8c6
40. Kh2 Rb6 41. Ra4 h6 42. Kg3 Rg6+ 43. Kf3 Rc8 44. g4 Rf8+ 45. Kg3 Rc8 46. Ra5
Re6 47. h4 Rb8 48. h5 Rb5 49. Ra4 Rc6 50. Nd2 Rd5 51. Nc4 e4 52. Kf4 Re6 53. f3
Rd1 54. Ne5 exf3 55. Nxf3 Rf1 56. Ra5 Rf6+ 57. Rf5 Rxf5+ 58. gxf5 Ra1 59. a4
Rh1 60. Kg4 Rb1 61. Nd4 Kf7 62. Kf4 Rf1+ 63. Ke5 Rh1 64. b4 Rxh5 65. b5 axb5
66. axb5 Rh1 67. Kd6 h5 68. b6 Rb1 69. Kc7 Kf6 70. b7 Ke5 71. Kc6 Rxb7 72. Kxb7
h4 73. Nf3+ Kxf5 74. Nxh4+ Ke4 1/2-1/2

[Event "Olimpiada de Khanty-Mansiysk 2010"]
[Site "Khanty-Mansiysk RUS"]
[Date "2010.09.29"]
[Round "8"]
[White "Gilruth, Peter"]
[Black "Erikson, Roberto"]
[Result "1-0"]
[WhiteElo "2202"]
[BlackElo "2252"]
[PlyCount "84"]
[EventDate "2010.09.21"]
[EventType "team"]
[EventRounds "11"]
[EventCountry "RUS"]
[Source "lmi"]
[SourceDate "2010.09.21"]
[WhiteTeam "Kenia"]
[BlackTeam "Angola"]
[WhiteTeamCountry "KEN"]
[BlackTeamCountry "ANG"]

1. Nf3 Nf6 2. c4 g6 3. Nc3 Bg7 4. e4 c5 5. d4 cxd4 6. Nxd4 d6 7. Be2 Nc6 8. Be3
O-O 9. O-O Bd7 10. Rc1 Ne5 11. h3 Rc8 12. b3 Bc6 13. f4 Ned7 14. Bf3 Qa5 15.
Qe2 Nc5 16. Bf2 e5 17. Ndb5 exf4 18. Nxd6 Rcd8 19. Rfd1 Nh5 20. Ncb5 Ng3 21.
Qc2 Ne6 22. Nxa7 Nd4 23. Nxc6 bxc6 24. Bxd4 Bxd4+ 25. Rxd4 Rxd6 26. Rxd6 Qc5+
27. Qf2 Qxd6 28. Rd1 Qa3 29. e5 Re8 30. Bxc6 Rxe5 31. Bf3 h5 32. Qd4 Rf5 33.
Kh2 g5 34. Re1 Qf8 35. Bc6 Qg7 36. Qxg7+ Kxg7 37. a4 g4 38. b4 Rf6 39. b5 Rd6
40. Bd5 Nf5 41. a5 f3 42. gxf3 Rd7 1-0